Normal Type Pokémon - Sudden Death - Statistics

General Stats
  • This quiz has been taken 66 times
  • The average score is 7 of 15
Answers on the Grid
Answers color-coded by a green-red scale on the quiz's grid according to % correct below.
 
Answer Stats
Answer % Correct
67%
64%
59%
56%
54%
54%
51%
51%
49%
46%
44%
38%
36%
33%
33%
No matching quizzes found
Score Distribution
Percent of People with Each Score
Percentile by Number Answered
Your Score History
You have not taken this quiz